000 00499nam a22001937a 4500
999 _c6497
_d6497
003 OSt
005 20200128123837.0
008 200128b ||||| |||| 00| 0 eng d
020 _a 0748761640
040 _c040a
082 _a372.2
_bGRE 2002
100 _4Green, Sandy
245 _aBTEC National early years /
_cSandy Green
260 _aCheltenham
_bNelson Thornes
_c2002
300 _avii, 510p;
_bill:
_c30 cm
504 _aIncludes index
650 _2Early childhood
942 _2ddc
_cO_SHELF